000
00376nam a2200181Ia 4500
003
IT-RoPAU
008
120407s9999 xx 000 0 und d
040
_a
IT-RoPAU
040
_c
IT-RoPAU
041
_a
ita
100
_a
Martin Grabmann
100
_c
mons.
245
_a
Storia della teologia cattolica
300
_c
cm
490
_v
1
942
_c
BK
999
_c
20192
_d
20192